000 01033cad a22001935a 4500
001 L157570
008 130122s2013 xxk f 000 0 eng d
035 _a(Sirsi) u157570
041 0 _aeng
110 2 _aUnited Kingdom
_bDepartment for Communities and Local Government
_94939
245 0 0 _aStreamlining the Planning Application Process
_bConsultation
_h[electronic resource]
260 _aLondon
_bDCLG
_c2013
520 _aThis consultation seeks views on measures to streamline the planning application process by simplifying the requirements for design and access statements, and improving the validation stage and requirements around local authority decisions notices. The consultation ends on 4 March 2013.
590 _aKA
651 4 _aEngland
_y886-
690 _aPlanning and development
_96259
856 4 0 _uhttps://www.gov.uk/government/uploads/system/uploads/attachment_data/file/66061/Streamlining_the_planning_application_process_-_consultation.pdf
_zView the consultation free of charge at www.gov.uk
942 _n0
999 _c114842
_d114842